| 000 | 00742nam a2200229 i 4500 | ||
|---|---|---|---|
| 001 | 7162 | ||
| 003 | ES-MaACL | ||
| 005 | 20230906145156.0 | ||
| 007 | t| | ||
| 008 | 900925s1988 sp ||||1| gao | ||
| 020 | _a84-7492-383-2 | ||
| 080 | _a869.9-14"19" | ||
| 080 | _a869.9(Sulleiro,P.7 B.01) | ||
| 100 | 1 |
_aSulleiro González, Perfecto. _9108751 |
|
| 245 | 1 | 2 |
_aA Beira da vida _b: ciento veinticuatro poemas gallegos entresacados de la seleccion de los 350 que componen la obra / _cPerfecto Sulleiro. |
| 260 |
_aSada, La Coruña : _bEdiciós do Castro, _cD.L. 1988. |
||
| 300 |
_a156 p. ; _c17 cm. |
||
| 490 | 1 | _aPoesía | |
| 830 | 0 |
_aPoesía _9177794 |
|
| 852 |
_aES-MaACL _jL-14389 _bR.118031 _z. - rust. |
||
| 999 |
_c7162 _d7162 |
||